بيسو يں صد ی کے ا ر د و ا خبا ر ا ت و ر سا يل مغر بی د نيا ميں (Record no. 170095)

MARC details
000 -LEADER
fixed length control field 00733nam a22001937a 4500
005 - DATE AND TIME OF LATEST TRANSACTION
control field 20191210172450.0
010 ## - LCCN (DPL NO)
LC control number B-70241
020 ## - INTERNATIONAL STANDARD BOOK NUMBER
Terms of availability 150.00
International Standard Book Number -
035 ## - SYSTEM CONTROL NUMBER
System control number B-70241
037 ## - SOURCE OF ACQUISITION
Source of stock number/acquisition BPPD
082 ## - DEWEY DECIMAL CLASSIFICATION NUMBER
Classification number 070.17
100 ## - MAIN ENTRY--PERSONAL NAME
Personal name کا ظمی عا شو ر
245 ## - TITLE STATEMENT
Title بيسو يں صد ی کے ا ر د و ا خبا ر ا ت و ر سا يل مغر بی د نيا ميں
Statement of responsibility, etc کا ظمی عا شو ر
246 ## - VARYING FORM OF TITLE
Title proper/short title Bisween Sadi kay Urdu Akhbaraat -o-Rasail Maghrabi Duniya Mein(Urdu)
Remainder of title by Syed Ashoor Kazmi
260 ## - PUBLICATION, DISTRIBUTION, ETC. (IMPRINT)
Place of publication, distribution, etc Lucknow
Date of publication, distribution, etc 1992 ء
Name of publisher, distributor, etc Institut of third world Artist & Literature
270 ## - ADDRESS
Address 16 Windermere Road, W5 4TD
City London
Telephone number -
Postal code -
300 ## - PHYSICAL DESCRIPTION
Extent 211 ص
Dimensions 22 cm(hb)
942 ## - ADDED ENTRY ELEMENTS (KOHA)
Source of classification or shelving scheme Dewey Decimal Classification
Item type Urdu Bks
Classification part 070.17
Call number suffix ک ا ظ
Holdings
Withdrawn status Lost status Not for loan Collection code Home library Current library Date acquired Source of acquisition Cost, normal purchase price Full call number Barcode Copy number Cost, replacement price Koha item type
      Non-fiction Central Library Central Library 10/12/2019 BPPD/Ven. 150.00 070.17 ک ا ظ B-70241 1 150.00 Urdu Bks

© Delhi Public Library
Hit Counter
free hit counter